Govt. of
Madhya Pradesh

A Man of the Frontier (Record no. 2856)

MARC details
000 -LEADER
fixed length control field 004460000a22001810004500
003 - CONTROL NUMBER IDENTIFIER
control field MACL
005 - DATE AND TIME OF LATEST TRANSACTION
control field 20151017152944.0
008 - FIXED-LENGTH DATA ELEMENTS--GENERAL INFORMATION
fixed length control field 151017b xxu||||| |||| 00| 0 eng d
040 ## - CATALOGING SOURCE
Original cataloging agency MACL
Transcribing agency MACL
041 ## - LANGUAGE CODE
Language code of text/sound track or separate title English
082 ## - DEWEY DECIMAL CLASSIFICATION NUMBER
Classification number 920/RHO
100 ## - MAIN ENTRY--PERSONAL NAME
Personal name Nicholas
9 (RLIN) 15742
245 ## - TITLE STATEMENT
Title A Man of the Frontier
Remainder of title S. W. Laden la 1876-1936
260 ## - PUBLICATION, DISTRIBUTION, ETC. (IMPRINT)
Name of publisher, distributor, etc. Mira Bose
Date of publication, distribution, etc. 2006
Place of publication, distribution, etc. Kolkata
350 ## - PRICE (NR) (BK AM CF MU VM SE) [OBSOLETE]
Price 300
650 ## - SUBJECT ADDED ENTRY--TOPICAL TERM
Topical term or geographic name as entry element Biography
9 (RLIN) 15743
942 ## - ADDED ENTRY ELEMENTS (KOHA)
Koha item type Books
Call number prefix 920
Source of classification or shelving scheme
Holdings
Withdrawn status Lost status Source of classification or shelving scheme Damaged status Not for loan Home library Current library Date acquired Cost, normal purchase price Total Checkouts Full call number Barcode Date last seen Uniform Resource Identifier Price effective from Koha item type
          MACL MACL 15/04/2015 300.00   920/RHO CRE020759 02/05/2024 2843 15/04/2015 Books